000 00923cgm a2200277 4500
001 J2637
008 090401t1994 xxu||||| |||| 00| 0 eng d
035 _a(Sirsi) u50190
041 _aeng
050 _a336.271
_c18
100 _aJohnson, Tony
245 _aVat on land and buildings
_ba CPD study pack
250 _a2nd ed.
260 _aReading
_bCollege of Estate Management
_c1994
300 _av, 30p.
_c30cm + 1 audio cassette (ca. 60 min.)
350 _a34.5
490 _aCollege of Estate Management CPD Study Pack
520 _aAccompanied by the Owlion Audio Programme "VAT and the property industry No 3" (J1129), which is also available to borrow separately.
520 _aSuperseded by third edition (ISBN 1899769803).
650 _aPROPERTY INDUSTRY
650 _aVALUE ADDED TAX
690 _aTAXATION
710 _aCollege of Estate Management
_9400
942 _n0
948 _c04/03/1997
999 _c85255
_d85255